ARRUPE JESUIT UNIVERSITY

CORONAVIRUS -STOP THE SPREAD - CLEAN,DISINFECT,COVER

What to think about machines that think : (Record no. 130674)

MARC details
000 -LEADER
fixed length control field 02260cam a22004697i 4500
001 - CONTROL NUMBER
control field 19147848
003 - CONTROL NUMBER IDENTIFIER
control field ARRUPE
005 - DATE AND TIME OF LATEST TRANSACTION
control field 20211005092616.0
008 - FIXED-LENGTH DATA ELEMENTS--GENERAL INFORMATION
fixed length control field 160622t20152015nyu b 000 0 eng d
010 ## - LIBRARY OF CONGRESS CONTROL NUMBER
LC control number 2016303054
020 ## - INTERNATIONAL STANDARD BOOK NUMBER
International Standard Book Number 9780062425652
Qualifying information (pbk.)
020 ## - INTERNATIONAL STANDARD BOOK NUMBER
International Standard Book Number 006242565X
Qualifying information (pbk.)
035 ## - SYSTEM CONTROL NUMBER
System control number (OCoLC)ocn922877862
040 ## - CATALOGING SOURCE
Original cataloging agency NjBwBT
Language of cataloging eng
Transcribing agency VTL
Description conventions rda
Modifying agency VTL
-- NYP
-- ON8
-- UAB
-- OCLCQ
-- YDXCP
-- OCLCF
-- TOH
-- BTCTA
-- BDX
-- GK8
-- CDX
-- COO
-- OCLCQ
-- DLC
042 ## - AUTHENTICATION CODE
Authentication code lccopycat
050 00 - LIBRARY OF CONGRESS CALL NUMBER
Classification number Q335
Item number .W446 2015
082 04 - DEWEY DECIMAL CLASSIFICATION NUMBER
Classification number 006.301
Edition number 23
300 ## - PHYSICAL DESCRIPTION
Dimensions 21 cm.
245 00 - TITLE STATEMENT
Title What to think about machines that think :
Remainder of title today's leading thinkers on the age of machine intelligence /
Statement of responsibility, etc edited by John Brockman.
250 ## - EDITION STATEMENT
Edition statement First edition.
300 ## - PHYSICAL DESCRIPTION
Extent xxvi, 541 pages ;
490 0# - SERIES STATEMENT
Series statement Edge question series
504 ## - BIBLIOGRAPHY, ETC. NOTE
Bibliography, etc Includes bibliographical references (page 541).
520 ## - SUMMARY, ETC.
Summary, etc Collects the thoughts of almost two hundred of today's leading thinkers on the issue of artifical intelligence.
650 #0 - SUBJECT ADDED ENTRY--TOPICAL TERM
Topical term or geographic name as entry element Artificial intelligence
Form subdivision Miscellanea.
9 (RLIN) 50266
650 #7 - SUBJECT ADDED ENTRY--TOPICAL TERM
Topical term or geographic name as entry element Artificial intelligence.
Source of heading or term fast
655 #7 - INDEX TERM--GENRE/FORM
Genre/form data or focus term Miscellanea.
Source of term fast
9 (RLIN) 50267
700 1# - ADDED ENTRY--PERSONAL NAME
Personal name Brockman, John,
Dates associated with a name 1941-
Relator term editor.
9 (RLIN) 50268
700 12 - ADDED ENTRY--PERSONAL NAME
Personal name Shanahan, Murray.
Title of a work Consciousness in human-level AI.
9 (RLIN) 50269
700 12 - ADDED ENTRY--PERSONAL NAME
Personal name Pinker, Steven,
Dates associated with a name 1954-
Title of a work Thinking does not imply subjugating.
9 (RLIN) 50270
700 12 - ADDED ENTRY--PERSONAL NAME
Personal name Rees, Martin J.,
Dates associated with a name 1942-
Title of a work Organic intelligence has no long-term future.
9 (RLIN) 50271
700 12 - ADDED ENTRY--PERSONAL NAME
Personal name Omohundro, Stephen M.
Fuller form of name (Stephen Malvern).
Title of a work Turning point in artificial intelligence.
9 (RLIN) 50272
700 12 - ADDED ENTRY--PERSONAL NAME
Personal name Sasselov, Dimitar D.
Title of a work AI is I.
9 (RLIN) 50273
700 12 - ADDED ENTRY--PERSONAL NAME
Personal name Tipler, Frank J.
Title of a work If you can't beat 'em, join 'em.
9 (RLIN) 50274
700 12 - ADDED ENTRY--PERSONAL NAME
Personal name Livio, Mario,
Dates associated with a name 1945-
Title of a work Intelligent machines on Earth and beyond.
9 (RLIN) 50275
700 12 - ADDED ENTRY--PERSONAL NAME
Personal name Lisi, Antony Garrett.
Title of a work I, for one, welcome our machine overlords.
9 (RLIN) 50276
700 12 - ADDED ENTRY--PERSONAL NAME
Personal name Markoff, John.
Title of a work Our masters, slaves, or partners?
9 (RLIN) 50277
700 12 - ADDED ENTRY--PERSONAL NAME
Personal name Davies, P. C. W.
Title of a work Designed intelligence.
9 (RLIN) 50278
856 42 - ELECTRONIC LOCATION AND ACCESS
Materials specified Contributor biographical information
Uniform Resource Identifier <a href="https://www.loc.gov/catdir/enhancements/fy1618/2016303054-b.html">https://www.loc.gov/catdir/enhancements/fy1618/2016303054-b.html</a>
906 ## - LOCAL DATA ELEMENT F, LDF (RLIN)
a 7
b cbc
c copycat
d 2
e ncip
f 20
g y-gencatlg
942 ## - ADDED ENTRY ELEMENTS (KOHA)
Source of classification or shelving scheme Library of Congress Classification
Koha item type Monograph ( Printed materials)
Holdings
Withdrawn status Lost status Source of classification or shelving scheme Damaged status Not for loan Collection code Home library Current library Shelving location Date acquired Total Checkouts Full call number Barcode Date last seen Price effective from Koha item type
    Library of Congress Classification     Main Collection ARRUPE LIBRARY ARRUPE LIBRARY Main Collection 05/10/2021   Q335 .W446 2015 46600007897 05/10/2021 05/10/2021 Monograph ( Printed materials)

 

Arrupe Library. PO Box MP320 Mt Pleasant, Harare, Zimbabwe
263 242 745411|librarian@aju.ac.zw